| 000 | 00770cam a22002653a 4500 | ||
|---|---|---|---|
| 001 | 19752 | ||
| 003 | PGUSA | ||
| 005 | 20140828083422.0 | ||
| 008 | 061111s2006||||xxu|||||s|||||000 1 eng d | ||
| 040 |
_aPGUSA _beng |
||
| 042 | _adc | ||
| 050 | 4 | _aPR | |
| 100 | 1 |
_aHope, Anthony, _d1863-1933 |
|
| 245 | 1 | 0 |
_aQuisanté _h[electronic resource] / _cAnthony Hope |
| 260 |
_bProject Gutenberg, _c2006 |
||
| 506 | _aPublic domain in the USA. | ||
| 516 | _aElectronic text | ||
| 653 | _aPoliticians -- Fiction | ||
| 653 | _aMarried people -- Fiction | ||
| 653 | _aMan-woman relationships -- Fiction | ||
| 653 | _aEngland -- Social life and customs -- Fiction | ||
| 830 | 0 |
_aProject Gutenberg _v19752 |
|
| 856 | 4 | 0 | _uhttp://www.gutenberg.org/ebooks/19752 |
| 942 | _cEB | ||
| 999 |
_c249007 _d249007 |
||